000 00893nam a22002177a 4500
999 _c10278
_d10278
003 AR-CdUCM
008 190329b ||||| |||| 00| 0 spa d
040 _aMUNICIPALIDAD PROVINCIAL DEL CUSCO
_cBIBLIOTECA MUNICIPAL DEL CUSCO
082 _210ed.
_a373.3 /
_bG92 /1966
100 _aGuillén de Rezzano, Clotilde,
_927047
245 _aDidáctica especial /
260 _aBuenos Aires :
_bKapelusz,
_c1966
300 _a316 paginas ;
_bCuadros, diagamas
_c20 cm.
505 _aContenido : Didáctica del lenguaje -- Didáctica de la lectura inicial -- La lectura corriente, intelectual y expresiva -- La enseñanza simultanea de la lectura y la escritura -- Didáctica de la composición...
650 _aEducación
_9460
650 _aEducación fisica
_913743
650 _aMetodología
_92264
650 _aDidáctica de la enseñanza
_927048
942 _2ddc
_cLIBROS
945 _awnts